| 000 | 00589nam a2200229Ia 4500 | ||
|---|---|---|---|
| 003 | OSt | ||
| 005 | 20221005114741.0 | ||
| 006 | a|||||r|||| 00| 0 | ||
| 007 | ta | ||
| 008 | 221004b |||||||| |||| 00| 0 tam d | ||
| 024 | _a51721 | ||
| 037 | _cTextual | ||
| 040 |
_aCRL _cCRL _btam |
||
| 041 |
_2tam _atam |
||
| 082 | _aQ6:65wL06, 31J5 | ||
| 100 |
_aDevaprasad Renias Au. _9626471 |
||
| 245 | 0 | _aBarthalo mew cheekan palk | |
| 260 | _c1957 | ||
| 650 | _aRELIGION | ||
| 942 |
_hQ6:65wL06, 31J5 _cTEXL _2cc |
||
| 999 |
_c1032303 _d1032303 |
||